White 2115 - Wszytkie albumy - Statystyki

Ogólne statystyki
  • Ten quiz został rozwiązany 339 razy
  • Średni wynik to 66 z 113
Statystyki odpowiedzi
Odpowiedź % Poprawnych
California
87%
Rockstar
85%
Mogę Dziś Umierać
79%
Noc
79%
Do zachodu słońca
78%
La vida Loca
78%
Sen
78%
Morgan
76%
Pretty Boy
76%
RiRi
76%
Jaki ojciec taki syn
73%
Młody Książę
73%
Pałac
73%
Kurt Cobain
72%
Nowi Kumple
72%
Papieros
72%
Balmain
70%
Intro
70%
Saint Tropez
70%
Wschód
70%
18
69%
Byliśmy tu
69%
Porsche
67%
Booker (baw się)
66%
Broly
66%
Legenda
66%
Zachód
66%
+48
64%
David
64%
D.Evil
64%
Rok
64%
2020
63%
Afterparty
63%
AMG
63%
Anioł Stróż
63%
Diamentowy Las
63%
Easy Rider
63%
Jim Morrison
63%
Lady Gaga (zejdź w dół)
63%
Spadająca gwiazda
63%
Trzy Butelki
63%
GTR
61%
Hel
61%
Johnny Knoxville
61%
Offwhite
61%
Oh Oh (lalala)
61%
Pierwszy raz
61%
Sąsiedzi
61%
Sos mula
61%
Bulletproof
60%
Cry Baby
60%
Infinity Pool
60%
Intruz
60%
John Travolta
60%
Śliczny chłopiec
60%
Traplife
60%
Wampir
60%
Za tych co nie mogą
60%
Jesteśmy tu
58%
Kap Kap
58%
Krzyki na blokach
58%
M550i
58%
Milanówek callin'
58%
Najmłodszy Łajcior
58%
Presja
58%
Flesz
57%
Kaptur
57%
Mutanci
57%
Pół życia
57%
RODEO!
57%
Święto ogródka
57%
1 na 100
55%
392
55%
Jesień w Diamentowym Lesie
55%
Nic na pokaz
55%
Różowy śnieg
55%
Skrywam
55%
Stara fura
55%
2KC
54%
Nie Chcę
54%
Postanowienia noworoczne
54%
Sto tysięcy razy
54%
Buch na dwóch
52%
Ćmy
52%
DMC
52%
Opuszczony dach
52%
Co ja poradzę
51%
Triple S
51%
Afera
49%
Chromowane serce
49%
Dzisiaj
49%
Family Guy
48%
Lombard dusz
48%
Nawiedzony dom
48%
Na Zawsze
48%
Parę K
48%
Ze łzami Ci do twarzy
48%
ET
46%
Jesteś inna
45%
Korzenie w bagnie
45%
Rozpięta koszula
45%
Czas na mnie
43%
Gdzie jest Nemo
43%
Nie lubię ku
43%
W dół
43%
Pierwszy słońca blask
40%
Pull Up
40%
Ciągnie Cię do mnie
39%
My Dawg
39%
Spacer po lecie
37%
Choć nie widać na zewnątrz
36%
Co ze mną nie tak
36%
Czysty diament
36%
Nie znaleziono quizów pasujących do podanych kryteriów
Rozkład punktacji
Procent ludzi z każdym wynikiem
Percentyl według liczby udzielonych odpowiedzi
Twoja historia wyników
Nie rozwiązałeś tego quizu